[Event "Omegna op 1st"]
[Site "Omegna"]
[Date "2013.07.06"]
[Round "4"]
[White "Rossi, Emanuele"]
[Black "Lo Curto, Davide"]
[Result "1-0"]
[WhiteElo "1564"]
[BlackElo "1416"]
[PlyCount "61"]
[EventDate "2013.07.04"]
[EventType "swiss"]
[EventRounds "6"]
[EventCountry "ITA"]
[SourceTitle "EXT 2014"]
[Source "ChessBase"]
[SourceDate "2013.11.20"]
[SourceVersion "1"]
[SourceVersionDate "2013.11.20"]
[SourceQuality "1"]

1. e4 c5 2. Nc3 Nc6 3. Nf3 d6 4. Bb5 a6 5. Bxc6+ bxc6 6. 0-0 Nf6 7. d4 cxd4 8. Nxd4 c5 9. Nde2 Bb7 10. Ng3 e5 11. Qe2 Qb6 12. Rd1 a5 13. Bg5 Ba6 14. Qf3 Be7 15. Bxf6 Bxf6 16. Nd5 Qd8 17. Nh5 Be7 18. Nxg7+ Kd7 19. Qxf7 Rg8 20. Nxe7 Qxe7 21. Rxd6+ Kxd6 22. Nf5+ Kc6 23. Nxe7+ Kb5 24. Nxg8 c4 25. Qd5+ Kb6 26. Qxa8 Bb7 27. Qd8+ Ka6 28. f3 c3 29. bxc3 a4 30. Rb1 h5 31. Qb6# 1-0

[Event "Omegna op 1st"]
[Site "Omegna"]
[Date "2013.07.05"]
[Round "3"]
[White "Lo Curto, Davide"]
[Black "Lo Curto, Andrea"]
[Result "1-0"]
[WhiteElo "1416"]
[BlackElo "1586"]
[PlyCount "49"]
[EventDate "2013.07.04"]
[EventType "swiss"]
[EventRounds "6"]
[EventCountry "ITA"]
[SourceTitle "EXT 2014"]
[Source "ChessBase"]
[SourceDate "2013.11.20"]
[SourceVersion "1"]
[SourceVersionDate "2013.11.20"]
[SourceQuality "1"]

1. e4 e6 2. d4 d5 3. exd5 exd5 4. c4 Be6 5. cxd5 Bxd5 6. Nc3 Bb4 7. Qa4+ Nc6 8. Bb5 Qe7+ 9. Nge2 Bxg2 10. Rg1 Bf3 11. Bxc6+ bxc6 12. Qc2 g6 13. Rg3 Bd5 14. Re3 Be6 15. a3 Bd6 16. Qa4 Qd7 17. Qa6 Ne7 18. Bd2 Bxh2 19. Ne4 Nd5 20. Nc5 Qc8 21. Qxc6+ Kf8 22. Nxe6+ fxe6 23. Rxe6 Ne7 24. Bh6+ Kg8 25. Rxe7 1-0